DOCTRINA MILITAR SOVIETICA : COMO HACE LA GUERRA RUSIA /

TRADUCCION DE: HOW RUSSIA MAKES WAR

-д хадгалсан:
Номзүйн дэлгэрэнгүй
Үндсэн зохиолч: Garthoff, Raymond L. (autor)
Формат: Ном
Цуврал:BIBLIOTECA DE CIENCIAS SOCIALES
Нөхцлүүд:
Шошгууд: Шошго нэмэх
Шошго байхгүй, Энэхүү баримтыг шошголох эхний хүн болох!

MARC

LEADER 00000nam^a2200000^a^4500
001 000232358
005 20250521000000.0
009 20260310104559.113
035 |a 053479 
037 |a Acervo Xavier Clavigero 
082 |a 355. 0335  |b GAR 
100 |a Garthoff, Raymond L.  |e (autor) 
245 1 0 |a DOCTRINA MILITAR SOVIETICA :  |b COMO HACE LA GUERRA RUSIA /  |c RAYMOND L. GARTHOFF ; TR. JUAN SANTA-CRUZ VERGARA 
264 |a Madrid, España :  |b Aguilar,  |c 1956 
300 |a 567p. 
336 |a texto  |b txt  |2 rdacontenido 
337 |a sin mediación  |b n  |2 rdamedio 
338 |a volumen  |b nc  |2 rdasoporte 
440 |a BIBLIOTECA DE CIENCIAS SOCIALES 
520 |a TRADUCCION DE: HOW RUSSIA MAKES WAR 
520 |a BIBLIOGRAFIA: P. 498-541 
520 |a INDICES 
649 |a XX 
650 |a RUSIA -  |x POLITICA MILITAR 
650 |a Política Militar -  |z Rusia 
910 |a Fondo General 
920 |a Impresos - Libros 
930 |a Colección General 
905 |a 101 
901 |a 053479  |b IT1  |c ACC  |i 053479  |u 20250521 
902 |a https://opac.biblio.iteso.mx/vufind/Record/000232358